Use of 87Sr/86Sr and delta11B to identify slag-affected sediment in Southern Lake Michigan /

Sparad:
Bibliografiska uppgifter
Huvudupphovsman: Bayless, E. Randall.
Övriga upphovsmän: Bullen, Thomas D., Fitzpatrick, John A.
Materialtyp: Artikel
Språk:English
Ämnen:
Taggar: Lägg till en tagg
Inga taggar, Lägg till första taggen!
Thư viện lưu trữ: Thư viện Trường Đại học Đà Lạt
LEADER 01041nam a2200337 4500
001 DLU090094461
005 ##20091201
040 # # |a DLU  |b eng 
041 # # |a eng 
044 # # |a us 
100 # # |a Bayless, E. Randall. 
245 # # |a Use of 87Sr/86Sr and delta11B to identify slag-affected sediment in Southern Lake Michigan /  |c E. Randall Bayless, Thomas D. Bullen, John A. Fitzpatrick. 
653 # # |a Ecosystem 
653 # # |a Foundry industry 
653 # # |a Geochemistry 
653 # # |a Geostatistics 
653 # # |a Hydrochemistry 
653 # # |a Lake Michigan 
653 # # |a Water pollution 
700 # # |a Bullen, Thomas D. 
700 # # |a Fitzpatrick, John A. 
773 # # |t Environmental Science & Technology  |g Vol. 38, no. 5 (March 2004), p. 1330-1337 
920 # # |a Phòng Tạp chí -- Trung tâm Thông tin - Thư viện Trường Đại học Đà Lạt 
994 # # |a DLU 
900 # # |a True 
911 # # |a Trương Bảo Trâm Anh 
925 # # |a G 
926 # # |a A 
927 # # |a BB 
980 # # |a Thư viện Trường Đại học Đà Lạt